000 00530nam a22001937a 4500
003 koha_MIRAKIL
005 20231213095940.0
008 231213b |||||||| |||| 00| 0 ||| d
020 _b978-9-75631631-3
040 _aTR-IsEVY
_btur
_cTR-IsEVY
082 _a808.06831 UÇU/V
100 _aUçuk, Cahit.
245 0 _aVatana uzanan yollar
260 _bBilge Kültür Sanat Yayınevi,
_c2004
300 _a154 s.
650 _aChildren's literature -- Fiction.
650 _aÇocuk edebiyatı -- Roman.
942 _2ddc
_cBK
999 _c12047
_d12047